Network tutorial: a complete introduction to networks. (5th ed.) (Record no. 52071)

MARC details
000 -LEADER
fixed length control field 00648nam a2200169 a 4500
008 - FIXED-LENGTH DATA ELEMENTS--GENERAL INFORMATION
fixed length control field 130910s2003 ||||||||||||||||| || u
020 ## - INTERNATIONAL STANDARD BOOK NUMBER
International Standard Book Number 9781578203024
050 ## - LIBRARY OF CONGRESS CALL NUMBER
Classification number TK 5105.7 Ste
100 ## - MAIN ENTRY--PERSONAL NAME
Personal name Steinke, Steve
245 10 - TITLE STATEMENT
Title Network tutorial: a complete introduction to networks. (5th ed.)
Statement of responsibility, etc. by Steve Steinke
250 ## - EDITION STATEMENT
Edition statement 5th ed.
260 ## - PUBLICATION, DISTRIBUTION, ETC.
Place of publication, distribution, etc. San Francisco:
Name of publisher, distributor, etc. CMP Books
Date of publication, distribution, etc. 2003
300 ## - PHYSICAL DESCRIPTION
Extent xii, 658p.: ill.
650 ## - SUBJECT ADDED ENTRY--TOPICAL TERM
Topical term or geographic name entry element COMPUTER
650 ## - SUBJECT ADDED ENTRY--TOPICAL TERM
Topical term or geographic name entry element LOCAL AREA NETWORKS (COMPUTER NETWORKS)
995 ## - RECOMMENDATION 995 [LOCAL, UNIMARC FRANCE]
-- CBU-MAIN LIBRARY (Kitwe)
-- 1
-- AVAILABLE
-- Sep 11, 2013
-- Main Library Open Access Collection
Holdings
Withdrawn status Lost status Source of classification or shelving scheme Damaged status Not for loan Home library Current library Shelving location Date acquired Total Checkouts Full call number Barcode Date last seen Price effective from Koha item type
          CBU-MAIN LIBRARY, KITWE. CBU-MAIN LIBRARY, KITWE.   11/30/2022   TK 5105.7 Ste 744463 11/30/2022 11/30/2022 MONOGRAPH